[Event "Büsum"]
[Site "Büsum"]
[Date "2013.10.01"]
[Round "4.2"]
[White "Schumacher, Gottfried"]
[Black "Schirmer, Werner"]
[Result "0-1"]
[WhiteElo "2212"]
[BlackElo "2040"]
[PlyCount "68"]
[EventDate "2013.??.??"]
[WhiteTeam "HTC Bad Neuenahr"]
[BlackTeam "Hamburger SK von 1830 eV"]

1. e4 c5 2. Nf3 Nc6 3. d4 cxd4 4. Nxd4 g6 5. Nc3 Bg7 6. Be3 Nf6 7. Qd2 O-O 8.
O-O-O Ng4 9. Nb3 Nxe3 10. Qxe3 d6 11. h4 Be6 12. h5 Rc8 13. Kb1 a5 14. f4 Qe8
15. hxg6 fxg6 16. f5 gxf5 17. exf5 Bxf5 18. Bc4+ Kh8 19. g4 Bxc2+ 20. Kxc2 Nb4+
21. Kb1 Rxc4 22. Qe6 Qf7 23. Qxf7 Rxf7 24. g5 Rg4 25. Nxa5 Rf2 26. Rdg1 Rxg1+
27. Rxg1 Nd3 28. Nd1 Rf5 29. Nc4 Rc5 30. Nde3 b5 31. Na3 Nxb2 32. g6 Na4 33.
Rh1 Nc3+ 34. Kc2 Nd5+ 0-1

[Event "Büsum"]
[Site "Büsum"]
[Date "2013.10.01"]
[Round "4.3"]
[White "Quiring, Nikolai"]
[Black "Pape, Manfred"]
[Result "1/2-1/2"]
[WhiteElo "2065"]
[BlackElo "2225"]
[PlyCount "39"]
[EventDate "2013.??.??"]
[WhiteTeam "SV VHS Rendsburg"]
[BlackTeam "SK Bad Harzburg"]

1. d4 Nf6 2. c4 g6 3. f3 Bg7 4. e4 d6 5. Nc3 Nc6 6. Be3 O-O 7. Nge2 a6 8. Qd2
e5 9. d5 Na5 10. Ng3 c5 11. Be2 Bd7 12. O-O Rb8 13. Rfb1 b5 14. b3 Qc7 15. cxb5
axb5 16. b4 cxb4 17. Rxb4 Nc4 18. Bxc4 bxc4 19. Rab1 Rxb4 20. Rxb4 1/2-1/2

[Event "Büsum"]
[Site "Büsum"]
[Date "2013.10.01"]
[Round "4.4"]
[White "Strenzke, Dr.Günter"]
[Black "Szenetra, Werner"]
[Result "0-1"]
[WhiteElo "1985"]
[BlackElo "2198"]
[PlyCount "38"]
[EventDate "2013.??.??"]
[WhiteTeam "SC Concordia SAbt Palame"]
[BlackTeam "SV Berenbostel"]

1. d4 g6 2. Nf3 Bg7 3. Bf4 d6 4. e3 Nd7 5. Bc4 e6 6. O-O Ne7 7. c3 O-O 8. Nbd2
e5 9. Bg5 h6 10. Bh4 g5 11. Bg3 e4 12. Ne1 d5 13. Bb3 Nf6 14. c4 c6 15. Be5 g4
16. cxd5 cxd5 17. Rc1 Ne8 18. Bf4 Ng6 19. Bc7 Nxc7 0-1

[Event "Büsum"]
[Site "Büsum"]
[Date "2013.10.01"]
[Round "4.5"]
[White "Hassenrück, Helmut"]
[Black "Hunold, Rolf"]
[Result "1-0"]
[WhiteElo "2194"]
[BlackElo "2120"]
[PlyCount "93"]
[EventDate "2013.??.??"]
[WhiteTeam "Schachgesellschaft-Gladbeck 19/2"]
[BlackTeam "Schachverein Letmathe 1933 e.V."]

1. d4 Nf6 2. Nf3 a6 3. c4 e6 4. Nc3 Bb4 5. e3 c5 6. Bd3 d5 7. a3 Bxc3+ 8. bxc3
Nc6 9. O-O O-O 10. Qc2 Re8 11. Bb2 Qc7 12. cxd5 exd5 13. dxc5 Bg4 14. c4 dxc4
15. Qxc4 Bxf3 16. gxf3 Ne5 17. Bxe5 Rxe5 18. Rac1 Rg5+ 19. Kh1 Rh5 20. Qf4 Qxf4
21. exf4 Rc8 22. f5 Rh4 23. c6 Rxc6 24. Rxc6 bxc6 25. Rc1 a5 26. Rxc6 h5 27.
Rc4 Rxc4 28. Bxc4 Kf8 29. Kg2 Ne8 30. Kg3 Nd6 31. Bd3 Ke7 32. Kh4 Kf6 33. Kxh5
Nxf5 34. Kg4 Nd6 35. Kf4 g5+ 36. Kg4 Nb7 37. f4 gxf4 38. Kxf4 Nc5 39. Bc4 Nb7
40. h4 Nd6 41. Bd3 Ne8 42. h5 Ng7 43. h6 Ne6+ 44. Ke3 Nc5 45. Bc2 Nd7 46. Kd4
Ne5 47. h7 1-0

[Event "Büsum"]
[Site "Büsum"]
[Date "2013.10.01"]
[Round "4.6"]
[White "Meier, Wolfgang"]
[Black "Gehrmann, Rudolf-Rainer"]
[Result "1/2-1/2"]
[WhiteElo "2188"]
[BlackElo "2061"]
[PlyCount "84"]
[EventDate "2013.??.??"]
[WhiteTeam "SV Lok Dresden"]
[BlackTeam "SV Eutin von 1875"]

1. e4 c5 2. Nc3 Nc6 3. g3 g6 4. Bg2 Bg7 5. d3 Nf6 6. Be3 d6 7. h3 O-O 8. Qd2
Rb8 9. Nge2 b5 10. O-O e6 11. d4 b4 12. Nd1 cxd4 13. Nxd4 Nxd4 14. Bxd4 a5 15.
b3 Bb7 16. Re1 d5 17. e5 Nd7 18. Qe3 Qc7 19. Rc1 Rfc8 20. c3 Bf8 21. Nb2 bxc3
22. Rxc3 Qd8 23. Rec1 Bb4 24. Rxc8 Rxc8 25. Nd3 Ba3 26. Rxc8 Qxc8 27. Qd2 Qa8
28. Qc3 Bc6 29. Bf1 Bb5 30. Nf4 Bxf1 31. Kxf1 Qa6+ 32. Kg2 Qb5 33. Nd3 h5 34.
f4 Bb4 35. Qc2 Nb8 36. a4 Qb7 37. Nxb4 Qxb4 38. Bc5 Qb7 39. Qd3 Na6 40. Bd6 Qc6
41. Kf2 Nc5 42. Bxc5 Qxc5+ 1/2-1/2

[Event "Büsum"]
[Site "Büsum"]
[Date "2013.10.01"]
[Round "4.7"]
[White "Kreutzkamp, Hans-Rudolf"]
[Black "Mikolajewski, Armin"]
[Result "1/2-1/2"]
[WhiteElo "2187"]
[BlackElo "2026"]
[PlyCount "25"]
[EventDate "2013.??.??"]
[WhiteTeam "SK Union Eimsbuettel eV"]
[BlackTeam "Naumburger Sportverein 1951"]

1. e4 e5 2. Nf3 Nc6 3. d4 exd4 4. c3 dxc3 5. Nxc3 Nf6 6. Bc4 Bd6 7. O-O O-O 8.
Re1 Ne5 9. Bb3 Nxf3+ 10. Qxf3 Be5 11. Bg5 h6 12. Bh4 d6 13. h3 1/2-1/2

[Event "Büsum"]
[Site "Büsum"]
[Date "2013.10.01"]
[Round "4.8"]
[White "Jürgens, Peter"]
[Black "Klages, Hans Jürgen"]
[Result "1/2-1/2"]
[WhiteElo "2006"]
[BlackElo "2183"]
[PlyCount "84"]
[EventDate "2013.??.??"]
[WhiteTeam "SC Tempo Göttingen"]
[BlackTeam "SVg Böhmetal"]

1. d4 c5 2. c3 e6 3. Nf3 d5 4. Bf4 Nf6 5. e3 Nc6 6. Nbd2 Be7 7. Ne5 O-O 8. Bd3
Bd7 9. O-O Nxe5 10. dxe5 Ne8 11. Qh5 f5 12. Nf3 Nc7 13. Bg5 Bxg5 14. Nxg5 h6
15. Nh3 Be8 16. Qe2 g5 17. Rad1 Qe7 18. f3 Qg7 19. f4 g4 20. Nf2 g3 21. hxg3
Qxg3 22. Nh1 Qh4 23. Qf2 Qxf2+ 24. Kxf2 Bb5 25. Ng3 Bxd3 26. Rxd3 b5 27. Nh5
Ne8 28. Kf3 Kh7 29. Rh1 Rg8 30. Rh4 a5 31. Rd2 c4 32. a3 b4 33. axb4 axb4 34.
cxb4 Rb8 35. Rd1 Rxb4 36. Ra1 Kg6 37. Ng3 Nc7 38. Ra7 Rc8 39. Ne2 Nb5 40. Ra6
Kf7 41. Nc3 Nxc3 42. bxc3 Rb3 1/2-1/2

[Event "Büsum"]
[Site "Büsum"]
[Date "2013.10.01"]
[Round "4.9"]
[White "Müller, Rudolf"]
[Black "Dümmke, Jürgen"]
[Result "1/2-1/2"]
[WhiteElo "2180"]
[BlackElo "1981"]
[PlyCount "104"]
[EventDate "2013.??.??"]
[WhiteTeam "Karlsruher SF 1853"]
[BlackTeam "Ahrensburger TSV"]

1. e4 e5 2. Nf3 Nc6 3. d4 exd4 4. Bc4 Nf6 5. O-O Nxe4 6. Re1 d5 7. Bxd5 Qxd5 8.
Nc3 Qd8 9. Rxe4+ Be7 10. Nxd4 O-O 11. Bf4 f5 12. Nxc6 bxc6 13. Rd4 Qe8 14. Bxc7
Bf6 15. Rd3 Qf7 16. Bd6 Rd8 17. Bc5 Be6 18. Rxd8+ Rxd8 19. Qf3 Bxc3 20. Qxc3
Qd7 21. Re1 a6 22. b3 Re8 23. Bd4 Bd5 24. Be5 Re6 25. Qe3 Be4 26. Bb2 Bd5 27.
Qc3 Rxe1+ 28. Qxe1 Be4 29. Qe2 Qd5 30. Qxa6 Qd1+ 31. Qf1 Qxc2 32. Qc4+ Qxc4 33.
bxc4 Bd3 34. c5 g6 35. f3 Kf7 36. Kf2 Ke6 37. Ke3 Bc4 38. a3 Kd5 39. Kf4 Bf1
40. g4 fxg4 41. fxg4 h5 42. Kg5 hxg4 43. Kxg6 Kxc5 44. Kf5 Be2 45. Ke4 Kc4 46.
Be5 Bd1 47. Ke3 c5 48. Kd2 Ba4 49. Bd6 Kd5 50. Bf8 Kd4 51. Bg7+ Ke4 52. Kc3 Kd5
1/2-1/2

[Event "Büsum"]
[Site "Büsum"]
[Date "2013.10.01"]
[Round "4.10"]
[White "Wulf, Adalbert"]
[Black "Vogel, Jaap"]
[Result "0-1"]
[WhiteElo "1929"]
[BlackElo "2178"]
[PlyCount "64"]
[EventDate "2013.??.??"]
[WhiteTeam "Schachverein Ennigerloh-Oelde"]

1. d4 e6 2. Nf3 f5 3. e3 Nf6 4. Bd3 Be7 5. b3 b6 6. Qe2 Bb7 7. O-O O-O 8. Bb2
Qe8 9. Nbd2 Ne4 10. Rfc1 d6 11. c4 Nd7 12. Rc2 c5 13. Ne1 e5 14. f3 Nxd2 15.
Rxd2 cxd4 16. exd4 Bg5 17. Rdd1 e4 18. Bb1 exf3 19. Qxe8 Raxe8 20. Nxf3 Bxf3
21. gxf3 Re2 22. Ba3 Bf4 23. Bd3 Rxh2 24. Bc1 Bg3 25. Rd2 Rh4 26. Rg2 Rxd4 27.
Rxg3 Rxd3 28. Ba3 Re8 29. Bb4 Ne5 30. Kf2 f4 31. Rh3 a5 32. Be1 Re3 0-1

[Event "Büsum"]
[Site "Büsum"]
[Date "2013.10.01"]
[Round "4.11"]
[White "Achenbach, Manfred"]
[Black "Kracht, Helmut"]
[Result "1-0"]
[WhiteElo "2147"]
[BlackElo "1989"]
[Annotator ",Microsoft"]
[PlyCount "104"]
[EventDate "2013.??.??"]
[WhiteTeam "Schachclub Mülheim 08/25 e.V."]
[BlackTeam "SK Kaltenkirchen"]

1. Nf3 f5 2. c4 Nf6 3. d4 e6 4. g3 Bb4+ 5. Nbd2 O-O 6. Bg2 Ne4 7. O-O Bxd2 8.
Nxd2 d5 9. Nxe4 fxe4 10. Bf4 Nd7 11. Rc1 c6 12. Qd2 Nf6 13. c5 h6 14. Bd6 Rf7
15. f3 exf3 16. exf3 Ne8 17. Be5 Nf6 18. Rfe1 Nh7 19. Rc3 Qa5 20. a3 b5 21.
cxb6 Qxb6 22. Rec1 Bd7 23. Qc2 Rc8 24. Rb3 Qd8 25. Qc5 Be8 26. Rf1 Nf8 27. Bh3
Nd7 28. Qd6 Nxe5 29. Qxe5 Re7 30. Re1 Bf7 31. f4 Qc7 32. f5 Qxe5 33. Rxe5 Bh5
34. Rxe6 Rcc7 35. Rc3 Rxe6 36. fxe6 Kf8 37. Bg2 Ke7 38. Bxd5 Kd6 39. Ba2 Bg4
40. Re3 Re7 41. Kf2 Bxe6 42. Bxe6 Rxe6 43. Rxe6+ Kxe6 44. Ke3 Kf5 45. h3 h5 46.
b4 g5 47. a4 a6 48. Kf3 Ke6 49. Ke4 g4 50. hxg4 hxg4 51. Ke3 Kd6 52. Ke4 Ke6 {
Rest nicht rekonstruierbar} 1-0

[Event "Büsum"]
[Site "Büsum"]
[Date "2013.10.01"]
[Round "4.12"]
[White "Neumann, Horst"]
[Black "Reinhold, Dr.Klaus"]
[Result "1/2-1/2"]
[WhiteElo "1908"]
[BlackElo "2123"]
[PlyCount "48"]
[EventDate "2013.??.??"]
[WhiteTeam "SG Güls/Niederfell"]
[BlackTeam "Schachclub Gronau 1920 e.V."]

1. e4 e5 2. Nf3 Nc6 3. Bb5 a6 4. Ba4 Nf6 5. d3 b5 6. Bb3 Bc5 7. O-O d6 8. Bg5
h6 9. Bh4 Be6 10. Nc3 g5 11. Bg3 Nd4 12. Nxd4 Bxd4 13. Bxe6 fxe6 14. Rb1 O-O
15. Ne2 Bb6 16. Kh1 Qe8 17. f3 Qg6 18. d4 exd4 19. Nxd4 Nxe4 20. fxe4 Rxf1+ 21.
Qxf1 Bxd4 22. Qd3 e5 23. c3 c5 24. cxd4 cxd4 1/2-1/2

[Event "Büsum"]
[Site "Büsum"]
[Date "2013.10.01"]
[Round "4.13"]
[White "Nickel, Arno"]
[Black "Schmidt, Reinhard"]
[Result "1-0"]
[WhiteElo "2081"]
[BlackElo "1927"]
[PlyCount "93"]
[EventDate "2013.??.??"]
[WhiteTeam "Flensburger SK von 1876"]
[BlackTeam "SFO Warnemünde"]

1. d4 Nf6 2. Nf3 d6 3. c4 g6 4. Nc3 Bg7 5. e4 O-O 6. Be2 c5 7. O-O cxd4 8. Nxd4
Nc6 9. Be3 Nxd4 10. Bxd4 b6 11. f3 Bd7 12. Qd2 Rc8 13. Rfc1 Ne8 14. Be3 f5 15.
Bd3 fxe4 16. Nxe4 Nc7 17. Rab1 Ne6 18. b4 Bd4 19. Bf1 Bxe3+ 20. Qxe3 Ng7 21.
Rd1 Bf5 22. Rbc1 Bxe4 23. Qxe4 Qc7 24. Rc2 Nf5 25. Rdc1 Kh8 26. c5 dxc5 27.
bxc5 bxc5 28. Rxc5 Qb6 29. Qe5+ Rf6 30. a4 Rxc5 31. Qxc5 Qb3 32. Qxa7 Rb6 33.
Qa8+ Kg7 34. Re1 Rb7 35. Bb5 Qd5 36. Qc8 Qd2 37. Qe6 Rc7 38. Qe5+ Kh6 39. Qe2
Qb4 40. Rd1 Qc5+ 41. Kh1 Qa7 42. Re1 Rc5 43. g4 Nd6 44. Qe3+ Kg7 45. Qxe7+ Qxe7
46. Rxe7+ Kh6 47. h4 1-0

[Event "Büsum"]
[Site "Büsum"]
[Date "2013.10.01"]
[Round "4.14"]
[White "Nachtkamp, Herbert"]
[Black "Baerthel, Klaus"]
[Result "1/2-1/2"]
[WhiteElo "2051"]
[BlackElo "1922"]
[PlyCount "63"]
[EventDate "2013.??.??"]
[WhiteTeam "SK Norderstedt von 1975"]
[BlackTeam "Naumburger Sportverein 1951"]

1. d4 Nf6 2. Nf3 g6 3. c4 Bg7 4. e3 O-O 5. Be2 d5 6. cxd5 Nxd5 7. O-O e6 8. e4
Nb6 9. Be3 c5 10. Nc3 cxd4 11. Nxd4 Nc6 12. Nxc6 bxc6 13. Qc2 Bb7 14. Bc5 Re8
15. Rab1 Qg5 16. Be3 Qe7 17. b4 Red8 18. Bc5 Qf6 19. Na4 Nxa4 20. Qxa4 Qf4 21.
Be3 Qe5 22. Rfd1 Rxd1+ 23. Rxd1 a5 24. bxa5 c5 25. Qc2 Bf8 26. f3 Qc7 27. Bc4
Qxa5 28. Qd3 Bc6 29. Bd2 Qd8 30. Qe2 Ba4 31. Rc1 Bg7 32. Be3 1/2-1/2

[Event "Büsum"]
[Site "Büsum"]
[Date "2013.10.01"]
[Round "4.15"]
[White "Lehmann, Erwin"]
[Black "Manthey, Jürgen"]
[Result "1-0"]
[WhiteElo "1991"]
[BlackElo "2034"]
[PlyCount "95"]
[EventDate "2013.??.??"]
[WhiteTeam "Ahrensburger TSV"]
[BlackTeam "SC Wrist-Kellinghusen von 1979"]

1. c4 e5 2. g3 Nf6 3. Bg2 d5 4. cxd5 Nxd5 5. Nc3 Nb6 6. Nf3 Nc6 7. a3 a5 8. d3
Be7 9. O-O O-O 10. Be3 Be6 11. Rc1 f5 12. Na4 Rb8 13. Bc5 Bd5 14. Bxe7 Qxe7 15.
Nxb6 cxb6 16. Qa4 Qd6 17. e4 b5 18. Qxb5 fxe4 19. dxe4 Bxe4 20. Rfd1 Nd4 21.
Nxd4 Bxg2 22. Kxg2 exd4 23. Qc4+ Kh8 24. Qxd4 Qxd4 25. Rxd4 Rbe8 26. Rc2 Re5
27. a4 b5 28. f4 Re3 29. axb5 Rb3 30. Rd5 Kg8 31. b6 Rxb6 32. Rxa5 Rfb8 33. Ra2
Kf7 34. Kf2 Kf6 35. Ke1 g5 36. fxg5+ Kxg5 37. Kd1 Kg4 38. Ra4+ Kg5 39. Kc1 Rf8
40. b4 Kg4 41. b5+ Kf3 42. Rb4 Rf5 43. Rcb2 Ke3 44. R2b3+ Ke2 45. Re4+ Kf2 46.
Rf4+ Rxf4 47. gxf4 h5 48. h4 1-0

[Event "Büsum"]
[Site "Büsum"]
[Date "2013.10.01"]
[Round "4.16"]
[White "Hellwege, Werner"]
[Black "Merettig, Georg"]
[Result "1/2-1/2"]
[WhiteElo "2033"]
[BlackElo "1882"]
[PlyCount "92"]
[EventDate "2013.??.??"]
[WhiteTeam "SK Lister Turm"]
[BlackTeam "SV Caissa Wolfenbüttel"]

1. e4 Nc6 2. d4 e5 3. d5 Nce7 4. Nf3 d6 5. Nc3 f5 6. Bb5+ c6 7. dxc6 bxc6 8.
Bc4 fxe4 9. Nxe5 dxe5 10. Bf7+ Kxf7 11. Qxd8 Nf6 12. Qa5 Nf5 13. O-O Bd6 14.
Bg5 Nd4 15. Bxf6 gxf6 16. Nxe4 Be7 17. c3 Ne2+ 18. Kh1 Rg8 19. Qa4 Nf4 20. g3
Bh3 21. Qc4+ Be6 22. Qxc6 Rac8 23. Nd6+ Kf8 24. Qa6 Rd8 25. Rad1 Bh3 26. Rfe1
Bg2+ 27. Kg1 Bf3 28. Rd2 Rg6 29. Nc4 Re8 30. h4 Ng2 31. Re3 Nxe3 32. Nxe3 f5
33. Qxa7 Ra8 34. Qb6 Rxa2 35. Qb8+ Kg7 36. Qxe5+ Kf8 37. Qxf5+ Rf6 38. Qb1 Rfa6
39. Qf5+ Rf6 40. Qxh7 Ra1+ 41. Nf1 Rfa6 42. Qf5+ Rf6 43. Qc8+ Kg7 44. Qc4 Re1
45. Kh2 Rfe6 46. Rd7 Kf7 1/2-1/2

[Event "Büsum"]
[Site "Büsum"]
[Date "2013.10.01"]
[Round "4.17"]
[White "Soltau, Achim"]
[Black "Hamann, Guenter"]
[Result "1/2-1/2"]
[WhiteElo "1988"]
[BlackElo "2030"]
[PlyCount "56"]
[EventDate "2013.??.??"]
[WhiteTeam "SK Johanneum Eppendorf"]
[BlackTeam "SV VHS Rendsburg"]

1. Nf3 Nf6 2. c4 c5 3. g3 Nc6 4. Bg2 d5 5. O-O e5 6. Qa4 Bd7 7. cxd5 Nxd5 8.
Qb3 Nb6 9. d3 Be7 10. Be3 Be6 11. Qc2 Rc8 12. b3 Nd5 13. Bd2 O-O 14. Nc3 Nd4
15. Qb2 f6 16. Rfe1 Nxc3 17. Bxc3 Nb5 18. Bd2 Qd7 19. Rac1 Nc7 20. Rc2 Nd5 21.
a3 Qb5 22. Rec1 Nb6 23. a4 Qxb3 24. a5 Na4 25. Qa1 Qb5 26. Rb1 Qd7 27. Nxe5
fxe5 28. Rxb7 Qe8 1/2-1/2

[Event "Büsum"]
[Site "Büsum"]
[Date "2013.10.01"]
[Round "4.18"]
[White "Kluger, Hans-Peter"]
[Black "Grabitz, Dr.Georg"]
[Result "1-0"]
[WhiteElo "1947"]
[BlackElo "2067"]
[PlyCount "63"]
[EventDate "2013.??.??"]
[WhiteTeam "SF Fallersleben"]
[BlackTeam "Schachsport Plesse Bovenden"]

1. e4 g6 2. d4 Bg7 3. Nf3 d6 4. h3 Nf6 5. Bd3 O-O 6. O-O Nc6 7. c3 e5 8. d5 Ne7
9. Bg5 h6 10. Be3 Nh5 11. Qd2 g5 12. Re1 Nf4 13. Bf1 f5 14. Bxf4 exf4 15. exf5
Nxf5 16. Na3 Bd7 17. Bd3 Qf6 18. Nb5 Bxb5 19. Re6 Qf7 20. Bxb5 Bf6 21. Rae1 Ng7
22. R6e2 a6 23. Ba4 Rfe8 24. Bxe8 Rxe8 25. Rxe8+ Nxe8 26. Nd4 Be5 27. Nf3 Bg7
28. Qe2 Kf8 29. c4 Nf6 30. Nd4 Kg8 31. Ne6 Ne8 32. Nd8 1-0

[Event "Büsum"]
[Site "Büsum"]
[Date "2013.10.01"]
[Round "4.19"]
[White "Berenstein, Alexander"]
[Black "Langmann, Claus"]
[Result "1/2-1/2"]
[WhiteElo "2036"]
[BlackElo "1873"]
[PlyCount "82"]
[EventDate "2013.??.??"]
[WhiteTeam "SV VHS Rendsburg"]
[BlackTeam "Hamburger SK von 1830 eV"]

1. e4 e5 2. Nf3 Nf6 3. Nc3 Nc6 4. Bb5 Nd4 5. Bc4 Nxf3+ 6. Qxf3 Be7 7. O-O d6 8.
h3 O-O 9. d3 c6 10. a4 Ne8 11. a5 Nc7 12. g4 Be6 13. Bxe6 Nxe6 14. Be3 Bg5 15.
Ne2 Qf6 16. Qxf6 Bxf6 17. a6 b6 18. b4 Nf4 19. Bxf4 exf4 20. Ra3 g5 21. f3 c5
22. bxc5 dxc5 23. Kf2 Rad8 24. Rb1 Rd7 25. c4 Rfd8 26. Rbb3 Kg7 27. h4 h6 28.
h5 Bd4+ 29. Ke1 Kf6 30. Kd1 Ke5 31. Kc2 Rd6 32. Rb5 R8d7 33. Rb1 Rd8 34. Rd1
R8d7 35. Rb3 Rd8 36. Rb5 Rb8 37. Nc1 Rbd8 38. Na2 Ke6 39. Rdb1 f6 40. R5b3 R8d7
41. Rb5 Ke5 1/2-1/2

[Event "Büsum"]
[Site "Büsum"]
[Date "2013.10.01"]
[Round "4.20"]
[White "Heinzel, Peter"]
[Black "Hölzel, Gerhard"]
[Result "1-0"]
[WhiteElo "2030"]
[BlackElo "1561"]
[PlyCount "33"]
[EventDate "2013.??.??"]
[WhiteTeam "Schachclub Mülheim 08/25 e.V."]
[BlackTeam "Ahrensburger TSV"]

1. b4 b5 2. e3 a6 3. Bb2 Bb7 4. Nf3 e6 5. Be2 Nf6 6. a3 g6 7. O-O Bg7 8. c4
bxc4 9. Bxc4 O-O 10. d4 d5 11. Be2 Nbd7 12. Nbd2 Ne4 13. Nb3 c5 14. bxc5 Ndxc5
15. Nxc5 Nxc5 16. dxc5 Bxb2 17. Rb1 1-0

[Event "Büsum"]
[Site "Büsum"]
[Date "2013.10.01"]
[Round "4.21"]
[White "Kreie, Günter"]
[Black "Vogel, Alfred"]
[Result "0-1"]
[WhiteElo "1932"]
[BlackElo "1986"]
[PlyCount "59"]
[EventDate "2013.??.??"]
[WhiteTeam "Turn- u. Sportverein Eichholz-Re"]
[BlackTeam "ESV Lok Sömmerda"]

1. e4 e6 2. d4 d5 3. Nd2 c5 4. exd5 exd5 5. Bb5+ Nc6 6. Qe2+ Be6 7. dxc5 Bxc5
8. Nb3 Bb6 9. Nf3 a6 10. Bxc6+ bxc6 11. Nfd4 Qd7 12. Bg5 c5 13. Nf3 Qb5 14. Qe5
Nf6 15. Bxf6 gxf6 16. Qxf6 Rg8 17. Rb1 Bd8 18. Qe5 Be7 19. a4 Qxa4 20. g3 Qe4+
21. Qxe4 dxe4 22. Nfd2 Bh3 23. Nf1 O-O-O 24. Rg1 h5 25. Ne3 f5 26. Ke2 Bg4+ 27.
Nxg4 hxg4 28. Nd2 Bg5 29. Nc4 Rd4 30. c3 0-1

[Event "Büsum"]
[Site "Büsum"]
[Date "2013.10.01"]
[Round "4.22"]
[White "Bars, Joachim"]
[Black "Barlo, Werner"]
[Result "1/2-1/2"]
[WhiteElo "1979"]
[BlackElo "1851"]
[PlyCount "54"]
[EventDate "2013.??.??"]
[WhiteTeam "Schachverein Heessen 1925"]
[BlackTeam "SK Zehlendorf e.V."]

1. d4 Nf6 2. c4 e6 3. Nf3 d5 4. Nc3 c6 5. e3 Nbd7 6. Bd3 dxc4 7. Bxc4 b5 8. Bd3
a6 9. O-O c5 10. dxc5 Nxc5 11. Be2 Bb7 12. a3 Be7 13. Nd4 O-O 14. Bf3 Qc7 15.
Bd2 Rac8 16. Qe2 Rfd8 17. b4 Nce4 18. Nxe4 Nxe4 19. Rfc1 Qb6 20. Be1 Rc7 21.
Qd3 Nf6 22. Bxb7 Qxb7 23. Rxc7 Qxc7 24. Qc3 Qxc3 25. Bxc3 Rc8 26. Rc1 Nd5 27.
Bb2 Rxc1+ 1/2-1/2

[Event "Büsum"]
[Site "Büsum"]
[Date "2013.10.01"]
[Round "4.23"]
[White "Englert, Fred"]
[Black "Kalkmann, Hans"]
[Result "0-1"]
[WhiteElo "1832"]
[BlackElo "1978"]
[Annotator ",Microsoft"]
[PlyCount "120"]
[EventDate "2013.??.??"]
[WhiteTeam "SK 1982 Klingenberg/Main"]
[BlackTeam "Schachclub Springer St.Tönis 194"]

1. c4 f5 2. g3 Nf6 3. Nf3 b6 4. Bg2 Bb7 5. d4 e6 6. O-O Be7 7. Nc3 O-O 8. Re1
Bb4 9. Bd2 Qe7 10. a3 Bxc3 11. Bxc3 d6 12. Rc1 Ne4 13. Nd2 Nxc3 14. Rxc3 Bxg2
15. Kxg2 Qf6 16. e3 Nd7 17. Nf3 h6 18. Qe2 $11 e5 19. dxe5 dxe5 20. Rd1 Rf7 21.
Rd5 c6 22. Rd1 Nc5 23. Nd2 e4 24. Nb3 Nd3 25. Nc1 Ne5 26. Nb3 c5 27. Rd5 Rd8
28. Rxd8+ Qxd8 29. Rc2 Rd7 30. Nd2 g6 31. Nb1 Kg7 32. Nc3 Nd3 33. Nb1 Qe8 34.
Nc3 Qe6 35. b3 a6 36. Na4 h5 37. h4 Qf6 38. Nc3 Kh7 39. Nd5 Qa1 40. Ra2 Qe5 41.
Nxb6 Rb7 42. Nd5 Rxb3 43. Kh2 $11 Qb8 44. Qd2 Ne5 45. Qd1 Rb1 46. Qe2 Nf3+ 47.
Kg2 Rg1+ 48. Kh3 Rh1+ 49. Kg2 Qb1 50. Nf6+ Kh8 51. Nxe4 fxe4 52. Qb2+ Qxb2 53.
Rxb2 Rc1 54. Rb6 Kg7 55. Rxa6 Rxc4 56. Rc6 Ne1+ 57. Kf1 Nd3 58. Ke2 Rc2+ 59.
Kd1 Rxf2 60. Re6 Ra2 0-1

[Event "Büsum"]
[Site "Büsum"]
[Date "2013.10.01"]
[Round "4.24"]
[White "Schuett, Ingo"]
[Black "Fritsch, Dr Jürgen"]
[Result "0-1"]
[WhiteElo "1638"]
[BlackElo "1958"]
[PlyCount "115"]
[EventDate "2013.??.??"]
[WhiteTeam "SV Großhansdorf"]
[BlackTeam "SK Lister Turm"]

1. Nf3 d5 2. c4 dxc4 3. Qa4+ c6 4. Qxc4 Be6 5. Qc2 Nf6 6. d4 g6 7. Nc3 Bg7 8.
e4 O-O 9. h3 Nbd7 10. Be3 Nb6 11. Rd1 Rc8 12. Be2 Qc7 13. O-O Nh5 14. Ng5 Bc4
15. b3 Bxe2 16. Nxe2 h6 17. Nf3 e6 18. e5 f5 19. g4 fxg4 20. hxg4 Rxf3 21. Qxg6
Qf7 22. gxh5 Nd5 23. Qxf7+ Rxf7 24. Ng3 Kh7 25. Ne4 Rg8 26. Kh1 Rf3 27. Kg2 Rf5
28. Ng3 Bf8 29. Kh2 Rf3 30. Bc1 Be7 31. Rde1 Rgf8 32. Kg2 Bb4 33. Re4 Bc3 34.
Rg4 R3f7 35. Rg6 Nf4+ 36. Bxf4 Rxf4 37. Rxe6 Bxd4 38. Re7+ Kh8 39. Nh1 b5 40.
Re6 Kh7 41. Rxc6 Bxe5 42. Re1 Rg8+ 43. Ng3 Rg5 44. Re6 Rxf2+ 45. Kxf2 Bxg3+ 46.
Kf1 Bxe1 47. Kxe1 Rxh5 48. Re7+ Kg6 49. Rxa7 Kf5 50. a4 Ke4 51. a5 b4 52. Re7+
Kd3 53. a6 Ra5 54. a7 Kc2 55. Rc7+ Kxb3 56. Kd2 Kb2 57. Kd3 b3 58. Rh7 0-1

[Event "Büsum"]
[Site "Büsum"]
[Date "2013.10.01"]
[Round "4.25"]
[White "Grasmeyer, Klaus-Peter"]
[Black "Gerhardt, Peter-Michael"]
[Result "0-1"]
[WhiteElo "1815"]
[BlackElo "2089"]
[PlyCount "146"]
[EventDate "2013.??.??"]
[WhiteTeam "SK Villingen"]
[BlackTeam "SC Vahr"]

1. d4 Nf6 2. c4 c5 3. e3 g6 4. Nf3 Bg7 5. Nc3 b6 6. Be2 O-O 7. O-O e6 8. Qc2 a6
9. Rd1 Qc7 10. b3 Nc6 11. a3 d6 12. Bb2 cxd4 13. exd4 Ne7 14. Rac1 Bb7 15. Nd2
Rac8 16. b4 Nd7 17. Nb3 Rfd8 18. Qb1 Qb8 19. Na4 Qa8 20. f3 Nf5 21. c5 Bd5 22.
Na1 bxc5 23. dxc5 Bxb2 24. Qxb2 dxc5 25. Nxc5 Nxc5 26. Rxc5 Rxc5 27. bxc5 Rb8
28. Qc3 Rc8 29. Qa5 Qc6 30. Rc1 Ra8 31. Rb1 Rc8 32. Rc1 Nd4 33. Bf1 Rb8 34.
Qxa6 Qxa6 35. Bxa6 Ra8 36. Bf1 Rxa3 37. h3 Bc6 38. Nc2 Nxc2 39. Rxc2 Ra1 40.
Kf2 Kf8 41. f4 h5 42. Be2 Ke7 43. Bf3 Kd7 44. Rd2+ Kc7 45. Rc2 Ra5 46. Bxc6
Kxc6 47. Kg3 Rxc5 48. Rf2 Kd6 49. Kh4 Ke7 50. g4 hxg4 51. hxg4 Kf6 52. Kg3 Rc3+
53. Kg2 Ra3 54. Kh2 Ra7 55. Kg3 g5 56. f5 Ra3+ 57. Kg2 e5 58. Re2 Ra4 59. Kf3
Rf4+ 60. Kg3 e4 61. Re3 Ke5 62. Ra3 Rf3+ 63. Rxf3 exf3 64. Kxf3 Kd4 65. Kg3 Ke3
66. f6 Ke4 67. Kh3 Kf3 68. Kh2 Kxg4 69. Kg2 Kf5 70. Kf3 Kxf6 71. Kg4 Kg6 72.
Kg3 f5 73. Kf3 Kf6 0-1

[Event "Büsum"]
[Site "Büsum"]
[Date "2013.10.01"]
[Round "4.26"]
[White "Schroeder, Dr.Christian"]
[Black "Potschka, Dieter"]
[Result "1-0"]
[WhiteElo "2025"]
[BlackElo "1809"]
[PlyCount "99"]
[EventDate "2013.??.??"]
[WhiteTeam "HSG Uni Rostock"]
[BlackTeam "VfL Geesthacht von 1973"]

1. c4 g6 2. d4 Bg7 3. e4 e6 4. Nc3 a6 5. Nf3 d6 6. Be2 Ne7 7. Be3 Nd7 8. Qd2 e5
9. Rd1 O-O 10. Bh6 Nc6 11. d5 Ne7 12. h4 Nf6 13. Bxg7 Kxg7 14. Ng5 h6 15. Nh3
Rh8 16. Rg1 Qe8 17. g4 Nh7 18. f4 f6 19. Qe3 Bd7 20. Kf2 Qf7 21. Kg3 b6 22.
Rgf1 Raf8 23. fxe5 dxe5 24. d6 cxd6 25. Rxd6 Qe8 26. Rfd1 Bc8 27. Qxb6 Qf7 28.
Rf1 f5 29. Qc5 f4+ 30. Kh2 Nf6 31. Qxe5 g5 32. Nd5 Nexd5 33. cxd5 Re8 34. Qd4
Qe7 35. Rc6 Kf7 36. d6 Qxe4 37. Bc4+ Be6 38. Qxe4 Nxe4 39. Rc7+ Kf6 40. Bxe6
Rxe6 41. d7 Rd8 42. Ra7 Ke7 43. Kg2 Nf6 44. hxg5 hxg5 45. Nxg5 Re2+ 46. Kf3
Rxb2 47. Re1+ Kd6 48. Rxa6+ Kc7 49. Rd1 Nxd7 50. Nf7 1-0

[Event "Büsum"]
[Site "Büsum"]
[Date "2013.10.01"]
[Round "4.27"]
[White "Burckhardt, Karl"]
[Black "Möller, Gerhard"]
[Result "1-0"]
[WhiteElo "1958"]
[BlackElo "1678"]
[PlyCount "61"]
[EventDate "2013.??.??"]
[WhiteTeam "SC Fulda"]
[BlackTeam "SF Ostsee Warnemünde"]

1. e4 c5 2. Bc4 d6 3. Nc3 Nf6 4. Nf3 g6 5. O-O Bg7 6. d4 cxd4 7. Nxd4 a6 8. Re1
O-O 9. Bb3 Nc6 10. Nxc6 bxc6 11. Bg5 Bb7 12. Qe2 e6 13. e5 dxe5 14. Ne4 h6 15.
Nxf6+ Bxf6 16. Bxh6 Re8 17. Be3 Kg7 18. Rad1 Qc7 19. Qg4 Rh8 20. Bg5 Bxg5 21.
Qxg5 Rh5 22. Qg3 Kf6 23. Rd3 Ke7 24. Red1 Qb6 25. Rd7+ Kf6 26. Qf3+ Rf5 27. Qe3
c5 28. R1d6 Bc6 29. Ba4 Qxb2 30. Bxc6 Qb1+ 31. Rd1 1-0